000 00789nam a2200289Ia 4500
005 20260324134136.0
008 008 260324s9999 xx 000 0 eng d
020 _a9781315220079
037 _aEBOOK
040 _aCRL
040 _beng
040 _cCRL
041 _2eng
041 _aeng
084 _qCRL
100 _aRicardo Salem Zebulum; Lakhmi C. Jain; Marley Maria Be Vellasco; Marco Aurelio Pacheco
_91195732
245 0 _aEvolutionary Electronics
245 0 _bAutomatic Design of Electronic Circuits and Systems by Genetic Algorithms
260 _bTaylor and Francis
260 _c2002
365 _a
365 _b370
856 _uhttp://www.taylorfrancis.com/books/9781315220079
942 _cEBOOK
999 _c1795479
_d1795479